MARC details
| 000 -CABECERA |
| campo de control de longitud fija |
01261nam a2200301 i 4500 |
| 003 - IDENTIFICADOR DEL NÚMERO DE CONTROL |
| campo de control |
DO-SdBNP |
| 005 - FECHA Y HORA DE LA ÚLTIMA TRANSACCIÓN |
| campo de control |
20240220124917.0 |
| 007 - CAMPO FIJO DE DESCRIPCIÓN FÍSICA--INFORMACIÓN GENERAL |
| campo de control de longitud fija |
ta |
| 008 - DATOS DE LONGITUD FIJA--INFORMACIÓN GENERAL |
| campo de control de longitud fija |
240220s1987 ve a 000 j spa d |
| 040 ## - FUENTE DE LA CATALOGACIÓN |
| Centro catalogador/agencia de origen |
DO-SdBNP |
| Lengua de catalogación |
spa |
| Centro/agencia transcriptor |
BNPHU |
| Normas de descripción |
rda |
| 082 ## - NÚMERO DE LA CLASIFICACIÓN DECIMAL DEWEY |
| Número de documento/Ítem |
H565 |
| Número de edición |
22 |
| 100 1# - ENTRADA PRINCIPAL--NOMBRE DE PERSONA |
| Nombre de persona |
Herrero, Ricardo |
| 9 (RLIN) |
84613 |
| 245 13 - MENCIÓN DE TÍTULO |
| Título |
Testigos de JESÚS : |
| Resto del título |
6to. curso / |
| Mención de responsabilidad, etc. |
Ricardo Herrero |
| 264 #1 - PRODUCCIÓN, PUBLICACIÓN, DISTRIBUCIÓN, FABRICACIÓN Y COPYRIGHT |
| Producción, publicación, distribución, fabricación y copyright |
Caracas, Venezuela : |
| Nombre del de productor, editor, distribuidor, fabricante |
Caracas, |
| 264 #1 - PRODUCCIÓN, PUBLICACIÓN, DISTRIBUCIÓN, FABRICACIÓN Y COPYRIGHT |
| Producción, publicación, distribución, fabricación y copyright |
Santo Domingo |
| Nombre del de productor, editor, distribuidor, fabricante |
Saturno, |
| Fecha de producción, publicación, distribución, fabricación o copyright |
1987. |
| 300 ## - DESCRIPCIÓN FÍSICA |
| Extensión |
64 páginas |
| Dimensiones |
22 cm. |
| Otras características físicas |
Ilustraciones |
| 336 ## - TIPO DE CONTENIDO |
| Fuente |
rdacontent |
| Término de tipo de contenido |
texto |
| Código de tipo de contenido |
txt |
| 337 ## - TIPO DE MEDIO |
| Fuente |
rdamedia |
| Nombre/término del tipo de medio |
sin mediación |
| Código del tipo de medio |
n |
| 338 ## - TIPO DE SOPORTE |
| Fuente |
rdacarrier |
| Nombre/término del tipo de soporte |
volumen |
| Código del tipo de soporte |
nc |
| 490 1# - MENCIÓN DE SERIE |
| Mención de serie |
Vida |
| 500 ## - NOTA GENERAL |
| Nota general |
Libro de texto. |
| 500 ## - NOTA GENERAL |
| Nota general |
La colección de textos de religión y moral denominada "Vida", ha sido aprobada por la conferencia del Episcopado Dominicano y la Secretaría de Estado de Educación, Bellas Artes y Cultos para ser utilizada en todos los cursos de la educación básica (nivel primario). Santo Domingo, julio 1987. |
| 500 ## - NOTA GENERAL |
| Nota general |
Edición especial autorizada a la Unión Nacional de Colegios Católicos de Rep. Dom. |
| 500 ## - NOTA GENERAL |
| Nota general |
El ejemplar numero 2 fue realizado e impreso en Venezuela. |
| 590 ## - NOTA LOCAL (RLIN) |
| Nota local |
Inventariado, 2024/ YL |
| 910 ## - DATOS DE OPCIÓN DEL USUARIO (OCLC) |
| Datos de opción del usuario |
YLockward |
| 942 ## - ELEMENTOS DE PUNTO DE ACCESO ADICIONAL (KOHA) |
| Fuente del sistema de clasificación o colocación |
Dewey Decimal Classification |
| Tipo de ítem Koha |
Libro |